French: Adjectives - Statistics

General Stats
  • This quiz has been taken 120 times
  • The average score is 20 of 30
Answer Stats
Hint Answer % Correct
big/tall grand(e)
95%
small petit(e)
95%
beautiful beau
86%
good bon
86%
hot chaud(e)
84%
cold froid(e)
82%
difficult difficile
80%
important important(e)
80%
new nouveau(elle)
80%
intelligent intelligent(e)
77%
young jeune
77%
easy facile
75%
expensive cher
71%
kind gentil(e)
70%
sad triste
68%
old vieux
68%
content/satisfied content(e)
66%
slow lent
64%
bad mauvais(e)
64%
strong fort(e)
63%
happy heureux
57%
fast rapide
52%
fun/funny amusant(e)
48%
heavy lourd(e)
43%
short court(e)
41%
dirty sale
39%
mean mechant(e)
38%
weak faible
36%
light leger(e)
36%
clean propre
36%
No matching quizzes found
Score Distribution
Percent of People with Each Score
Percentile by Number Answered
Your Score History
You have not taken this quiz